Intelligent information processing III : (Record no. 176847)

000 -LEADER
fixed length control field 01416 a2200289 4500
003 - CONTROL NUMBER IDENTIFIER
control field Nust
005 - DATE AND TIME OF LATEST TRANSACTION
control field 20170207152535.0
010 ## - LIBRARY OF CONGRESS CONTROL NUMBER
LC control number 2006932181
020 ## - INTERNATIONAL STANDARD BOOK NUMBER
International Standard Book Number 0387446397
035 ## - SYSTEM CONTROL NUMBER
System control number (CStRLIN)MNUGA004933619-B
040 ## - CATALOGING SOURCE
Transcribing agency Nust
082 00 - DEWEY DECIMAL CLASSIFICATION NUMBER
Classification number 006.33
245 10 - TITLE STATEMENT
Title Intelligent information processing III :
Remainder of title IFIP TC12 International Conference on Intelligent Information Processing (IIP 2006), September 20-23, Adelaide, Australia /
Statement of responsibility, etc. edited by Zhongzhi Shi, K. Shimohara, D. Feng.
260 ## - PUBLICATION, DISTRIBUTION, ETC.
Place of publication, distribution, etc. New York :
Name of publisher, distributor, etc. Springer Science+Business Media,
Date of publication, distribution, etc. c2006.
300 ## - PHYSICAL DESCRIPTION
Extent xix, 580 p. :
Other physical details ill. ;
Dimensions 25 cm.
490 1# - SERIES STATEMENT
Series statement IFIP series ;
Volume/sequential designation 228
505 ## - FORMATTED CONTENTS NOTE
Formatted contents note Multi Agent Systems Page 1,Automated Reasoning Page 43, Semantic Web And Ontology Page 81,Search Technology Page 151,Machine Learning Page 187,Expert System Page 279, Image Processing Page 357, Natural Language Processing Page 411, Ubiquitous Computing Page 463
538 ## - SYSTEM DETAILS NOTE
System details note Almirah No.22 Shelf No. 4
650 #0 - SUBJECT ADDED ENTRY--TOPICAL TERM
Topical term or geographic name entry element Database management
650 #0 - SUBJECT ADDED ENTRY--TOPICAL TERM
Topical term or geographic name entry element Expert systems (Computer science)
700 1# - ADDED ENTRY--PERSONAL NAME
Personal name Feng, David Dagan.
700 1# - ADDED ENTRY--PERSONAL NAME
Personal name Shi, Zhongzhi.
700 1# - ADDED ENTRY--PERSONAL NAME
Personal name Shimohara, Katsunori.
830 #0 - SERIES ADDED ENTRY--UNIFORM TITLE
Uniform title International Federation for Information Processing (Series) ;
856 42 - ELECTRONIC LOCATION AND ACCESS
Materials specified Publisher description
Uniform Resource Identifier <a href="http://www.loc.gov/catdir/enhancements/fy0825/2006932181-d.html">http://www.loc.gov/catdir/enhancements/fy0825/2006932181-d.html</a>
856 42 - ELECTRONIC LOCATION AND ACCESS
Materials specified Table of contents only
Uniform Resource Identifier <a href="http://www.loc.gov/catdir/enhancements/fy0825/2006932181-t.html">http://www.loc.gov/catdir/enhancements/fy0825/2006932181-t.html</a>
942 ## - ADDED ENTRY ELEMENTS (KOHA)
Source of classification or shelving scheme
Koha item type Book
Holdings
Withdrawn status Lost status Source of classification or shelving scheme Damaged status Not for loan Collection code Permanent Location Current Location Date acquired Total Checkouts Full call number Barcode Date last seen Price effective from Koha item type
            Military College of Signals (MCS) Military College of Signals (MCS) 12/12/2016   006.33 INT MCS32852 12/08/2016 12/12/2016 Book
© 2023 Central Library, National University of Sciences and Technology. All Rights Reserved.